טוען...

Kerala budget in brief 1988-89

מידע ביבליוגרפי
פורמט: Report
יצא לאור: Trivandrum Government of Kerala 1988
LEADER 00412nam a22001337a 4500
003 OSt
999 |c 191531  |d 191531 
082 |a KERALA/1988-89 
245 |a Kerala budget in brief 1988-89 
260 |a Trivandrum  |b Government of Kerala  |c 1988 
300 |a 76p. 
546 |a English 
942 |2 ddc  |c REP 
952 |0 0  |1 0  |2 ddc  |4 0  |6 KERALA_198889  |7 0  |9 198013  |a KAUCLV  |b KAUCLV  |d 2019-08-14  |o KERALA/1988-89  |p 800241  |r 2019-08-14  |w 2019-08-14  |y REP